000 00445nam a2200181Ia 4500
001 20218
005 20260306172750.0
008 260306t1993||||xx |||||||||||||| ||spa||
041 _aESP
082 _a343
_bG26 T. 2
100 _aGarcía Belaúnde, Domingo
_eAUT
245 0 _aTeoría y práctica de la constitución peruana
260 _c1993
300 _apágs. :
_ccm.
650 _aGEN
654 _aCDE
942 _cLIB
_dJUS
_fJUS
_2ddc
_n
999 _c20218
_d20218